[Event "Avoine op 23rd"]
[Site "Avoine"]
[Date "2008.07.26"]
[Round "8"]
[White "Hervo, Frederic"]
[Black "Picart, Laurent"]
[Result "0-1"]
[WhiteElo "1954"]
[BlackElo "2105"]
[PlyCount "104"]
[EventDate "2008.07.19"]
[EventType "swiss"]
[EventRounds "9"]
[EventCountry "FRA"]
[SourceTitle "CBM 125 Extra"]
[Source "ChessBase"]
[SourceDate "2008.09.01"]
[SourceVersion "1"]
[SourceVersionDate "2008.09.01"]
[SourceQuality "1"]

1. d4 Nf6 2. c4 e6 3. Nc3 Bb4 4. Qc2 0-0 5. a3 Bxc3+ 6. Qxc3 b6 7. Bg5 Bb7 8. f3 h6 9. Bh4 d5 10. e3 Nbd7 11. cxd5 exd5 12. Bd3 c5 13. Ne2 Qe7 14. Qd2 Rfe8 15. Bf2 c4 16. Bc2 Bc6 17. 0-0 a5 18. Rfe1 b5 19. Ng3 Nb6 20. e4 Qf8 21. e5 Nfd7 22. Nf5 Nc8 23. Re2 Ndb6 24. Bg3 b4 25. axb4 axb4 26. Rxa8 Bxa8 27. Nd6 Nxd6 28. exd6 Rxe2 29. Qxe2 b3 30. Bf5 Bc6 31. Qe1 Qe8 32. Qxe8+ Bxe8 33. Be1 Bd7 34. Bxd7 Nxd7 35. Ba5 Kf8 36. Kf2 Ke8 37. Ke3 f6 38. Kd2 Kf7 39. Bc7 Ke6 40. Kc3 f5 41. Kd2 Nf6 42. Ba5 Kxd6 43. Ke3 Ke6 44. Bb4 Nd7 45. Ba5 g5 46. Kd2 Nb8 47. Ke3 Nc6 48. Bc3 Na7 49. g3 Nb5 50. Kd2 Kf7 51. h3 g4 52. hxg4 fxg4 0-1

[Event "Avoine op 23rd"]
[Site "Avoine"]
[Date "2008.07.19"]
[Round "1"]
[White "Stephan, Victor"]
[Black "Hervo, Frederic"]
[Result "1-0"]
[WhiteElo "2094"]
[BlackElo "1954"]
[PlyCount "73"]
[EventDate "2008.07.19"]
[EventType "swiss"]
[EventRounds "9"]
[EventCountry "FRA"]
[SourceTitle "CBM 125 Extra"]
[Source "ChessBase"]
[SourceDate "2008.09.01"]
[SourceVersion "1"]
[SourceVersionDate "2008.09.01"]
[SourceQuality "1"]

1. Nf3 Nf6 2. c4 g6 3. Nc3 Bg7 4. e4 d6 5. d4 0-0 6. Be2 e5 7. Be3 Nc6 8. d5 Ne7 9. Nd2 Nd7 10. b4 f5 11. f3 f4 12. Bf2 g5 13. g4 Ng6 14. c5 Nf6 15. Nc4 Nh4 16. h3 h5 17. Qd3 Ng2+ 18. Kd2 Ne8 19. Rag1 Nh4 20. a4 Qf6 21. c6 hxg4 22. cxb7 Bxb7 23. hxg4 a6 24. Na5 Bc8 25. Nc6 Ng6 26. Na7 Qd8 27. Rh5 Nf6 28. Rxg5 Ne7 29. Qc4 Rf7 30. b5 axb5 31. Ncxb5 Ba6 32. Qxc7 Bxb5 33. Qxd8+ Rxd8 34. axb5 Kf8 35. Nc6 Nxc6 36. bxc6 Ra8 37. Rc1 1-0

[Event "Avoine op 20th"]
[Site "Avoine"]
[Date "2005.07.24"]
[Round "2"]
[White "Hervo, Frederic"]
[Black "Pallandre, Fabrice"]
[Result "0-1"]
[WhiteElo "1973"]
[BlackElo "2091"]
[PlyCount "66"]
[EventDate "2005.07.23"]
[EventType "swiss"]
[EventRounds "9"]
[EventCountry "FRA"]
[SourceTitle "EXT 2007"]
[Source "ChessBase"]
[SourceDate "2006.11.23"]
[SourceVersion "1"]
[SourceVersionDate "2006.11.23"]
[SourceQuality "1"]

1. d4 Nf6 2. c4 g6 3. Nc3 Bg7 4. e4 d6 5. Nf3 0-0 6. Be2 e5 7. 0-0 Nc6 8. d5 Ne7 9. b4 Ne8 10. Nd2 f5 11. f3 f4 12. c5 Rf7 13. a4 g5 14. Ba3 Bf8 15. Rc1 Rg7 16. Nc4 h5 17. h3 g4 18. fxg4 hxg4 19. hxg4 Ng6 20. Qe1 Qg5 21. cxd6 cxd6 22. Rc2 Nh4 23. Rf2 Nf6 24. b5 Nxg4 25. Bxg4 Bxg4 26. Qf1 f3 27. Bc1 Qh5 28. Ne3 Bh3 29. Qd1 Bxg2 30. Nxg2 Qg4 31. Qf1 fxg2 32. Rxg2 Nf3+ 33. Kf2 Qxg2+ 0-1

[Event "Avoine op 16th"]
[Site "Avoine"]
[Date "2001.??.??"]
[Round "5"]
[White "Hervo, Frederic"]
[Black "Huisman, Hugues"]
[Result "1/2-1/2"]
[WhiteElo "1790"]
[BlackElo "2000"]
[PlyCount "43"]
[EventDate "2001.07.??"]
[EventType "swiss"]
[EventRounds "7"]
[EventCountry "FRA"]
[SourceTitle "EXT 2003"]
[Source "ChessBase"]
[SourceDate "2002.11.25"]
[SourceVersion "1"]
[SourceVersionDate "2002.11.25"]
[SourceQuality "1"]

1. d4 f5 2. c4 Nf6 3. Nf3 e6 4. g3 Be7 5. Bg2 0-0 6. 0-0 d6 7. Nc3 Nbd7 8. Re1 Qe8 9. Ng5 Nb6 10. Qb3 h6 11. Nh3 Kh8 12. Nf4 g5 13. Nd3 Nh5 14. e3 Qg6 15. Bd2 Bf6 16. c5 Nd7 17. cxd6 cxd6 18. Nb5 e5 19. Nc7 Rb8 20. Ne6 Re8 21. Nc7 Rf8 22. Ne6 1/2-1/2